[Event "Gorges - Open B"]
[Site "?"]
[Date "2017.07.08"]
[Round "2"]
[White "GRIMAULT, Leane"]
[Black "ALACHTAR, Socrate"]
[Result "1-0"]
[WhiteElo "1317"]
[BlackElo "1528"]
[PlyCount "107"]

1. d4 c6 2. Bf4 Nf6 3. Nf3 d5 4. e3 e5 5. dxe5 Nfd7 6. Bd3 Bc5 7. O-O O-O 8.
Nbd2 Qb6 9. Rb1 Be7 10. Qe2 f6 11. exf6 Nxf6 12. h3 Nh5 13. Bh2 Bf5 14. Bxf5
Rxf5 15. g4 Rxf3 16. Qxf3 Nf6 17. Qf5 Qd8 18. Rfd1 Qd7 19. Qxd7 Nbxd7 20. e4
dxe4 21. Nxe4 Nxe4 22. Rxd7 Bc5 23. Rf1 Rf8 24. Rd3 Nxf2 25. Rb3 Ne4+ 26. Kg2
Rxf1 27. Kxf1 Bb6 28. Ke2 Nf6 29. Rf3 Nd5 30. Bd6 h6 31. h4 Nf6 32. g5 hxg5 33.
hxg5 Ne4 34. Bf4 Bd8 35. g6 Bf6 36. c3 Kf8 37. Kd3 Nc5+ 38. Ke3 Ne6 39. Bd6+
Ke8 40. Kd3 Kd7 41. Bg3 Nf8 42. Be5 Nxg6 43. Bxf6 gxf6 44. Rxf6 Ne5+ 45. Ke4
Ng4 46. Rf7+ Kd6 47. Rxb7 a5 48. Ra7 Nf6+ 49. Kd4 a4 50. Rxa4 Nd7 51. Ra6 Nb8
52. Ra7 Nd7 53. Rxd7+ Kxd7 54. Kc5 1-0

[Event "Gorges - Open B"]
[Site "?"]
[Date "2017.07.08"]
[Round "2"]
[White "AUPERIN, Hélène"]
[Black "BONFILS, Nicolas"]
[Result "0-1"]
[WhiteElo "1246"]
[BlackElo "1433"]
[PlyCount "54"]

1. e4 d5 2. exd5 Nf6 3. d4 Qxd5 4. c3 Bf5 5. Nf3 Bxb1 6. Rxb1 Qxa2 7. Bf4 Qe6+
8. Ne5 Nd5 9. Bc4 f6 10. Qa4+ Nc6 11. Bxd5 Qxd5 12. Nf3 Qe4+ 13. Kd2 Qxf4+ 14.
Kd3 g6 15. Qb5 Rb8 16. Rhe1 a6 17. Qd5 Rd8 18. Qe6 Qf5+ 19. Qxf5 gxf5 20. Re6
Rg8 21. Nh4 Rd5 22. g3 Kf7 23. Rbe1 Rg4 24. Nf3 Nd8 25. Kc4 Ra5 26. R6e2 b5+
27. Kc5 e6# 0-1

[Event "Gorges - Open B"]
[Site "?"]
[Date "2017.07.08"]
[Round "2"]
[White "KNEIB, Bernard"]
[Black "DELALANDE, François"]
[Result "1-0"]
[WhiteElo "1422"]
[BlackElo "1308"]
[PlyCount "77"]

1. d4 d6 2. Nf3 e6 3. e4 h6 4. Bd3 Ne7 5. O-O Ng6 6. c4 Nd7 7. Nc3 Be7 8. Re1
O-O 9. Qc2 e5 10. Nd5 c6 11. Nxe7+ Qxe7 12. dxe5 Ndxe5 13. Nxe5 Nxe5 14. Be2 f5
15. exf5 Bxf5 16. Qc3 Qf7 17. b3 Be6 18. Rf1 Ng6 19. Qg3 d5 20. Bh5 Kh7 21. Ba3
Rg8 22. cxd5 Bxd5 23. Rae1 Qf5 24. Bg4 Qf4 25. Qxf4 Nxf4 26. Bf5+ g6 27. Be4
Rae8 28. Bxd5 Rxe1 29. Bxg8+ Kxg8 30. Rxe1 Nd5 31. Bc5 b6 32. Bd4 c5 33. Bb2
Nb4 34. Re8+ Kf7 35. Ra8 a5 36. a3 Nd5 37. Kf1 Ke6 38. Re8+ Kf5 39. Re5+ 1-0

[Event "Gorges - Open B"]
[Site "?"]
[Date "2017.07.08"]
[Round "2"]
[White "ENGLISCH, Caroline"]
[Black "MARTINI, Lionel"]
[Result "1-0"]
[WhiteElo "1211"]
[BlackElo "1420"]
[PlyCount "113"]

1. d4 d5 2. Nf3 e6 3. g3 c5 4. Bg2 Qb6 5. O-O Nc6 6. e3 Nf6 7. b3 Bd6 8. Bb2
O-O 9. Nbd2 c4 10. c3 Bd7 11. Qc2 Rac8 12. bxc4 Na5 13. c5 Bxc5 14. dxc5 Qxc5
15. Nb3 Nxb3 16. Qxb3 b6 17. Ba3 Qa5 18. Bxf8 Kxf8 19. Qb4+ Qc5 20. Ne5 Bb5 21.
Qxc5+ Rxc5 22. Rfc1 Ke7 23. Bf1 Be8 24. c4 dxc4 25. Nxc4 Rf5 26. Bd3 Rd5 27.
Nb2 Nd7 28. Rc7 a5 29. Rb7 g6 30. Be4 Rb5 31. Nc4 Rb4 32. Rd1 Kf8 33. Bc6 Nf6
34. Bxe8 Nxe8 35. Ne5 Nd6 36. Nxf7 Nxb7 37. Ng5 Rb2 38. Rd8+ Kg7 39. Rd7+ Kf6
40. Nxh7+ Ke5 41. Rxb7 Kd5 42. Nf6+ Kc6 43. Rg7 Rxa2 44. Rxg6 Ra1+ 45. Kg2 a4
46. Ne4 Kd5 47. Nc3+ Ke5 48. h4 Kf5 49. Rg8 a3 50. h5 Rc1 51. Na2 Rc7 52. g4+
Kf6 53. g5+ Kf5 54. g6 Rc4 55. Rf8+ Kg5 56. g7 Rg4+ 57. Kf1 1-0

[Event "Gorges - Open B"]
[Site "?"]
[Date "2017.07.08"]
[Round "2"]
[White "TEXIER, Lionel"]
[Black "LAUDEN, Pierre"]
[Result "0-1"]
[WhiteElo "1412"]
[BlackElo "1291"]
[PlyCount "128"]

1. e4 c5 2. Bc4 d6 3. d3 Nc6 4. c3 e5 5. Nf3 Be7 6. h3 Nf6 7. O-O O-O 8. Nh2 a6
9. f4 d5 10. exd5 Nxd5 11. f5 Bg5 12. Bxg5 Qxg5 13. Bxd5 Bxf5 14. Qf3 Be6 15.
Bxc6 bxc6 16. Na3 Bd5 17. Qe2 Be6 18. Ng4 f6 19. Nc4 h5 20. Qe3 hxg4 21. Qxg5
fxg5 22. Rxf8+ Rxf8 23. Nxe5 gxh3 24. gxh3 Bxh3 25. Nxc6 Rf3 26. d4 cxd4 27.
cxd4 Rd3 28. Re1 Rd2 29. Rb1 g4 30. a4 g3 31. d5 Bg2 32. Ne7+ Kh7 33. d6 Bb7
34. Nf5 Rg2+ 35. Kf1 Rf2+ 36. Kg1 Rxf5 37. Rd1 Rf8 38. b4 Rd8 39. b5 axb5 40.
axb5 Kg6 41. Rd3 g2 42. d7 Kf6 43. Rd6+ Ke7 44. Rg6 Kxd7 45. Rxg7+ Kc8 46. b6
Rd1+ 47. Kf2 Rf1+ 48. Ke3 g1=Q+ 49. Rxg1 Rxg1 50. Kd4 Rg4+ 51. Kd3 Rg6 52. Kd4
Rxb6 53. Kc5 Kc7 54. Kd4 Rb5 55. Kc4 Rh5 56. Kd4 Kd6 57. Kc4 Rd5 58. Kc3 Kc5
59. Kb3 Rd4 60. Kc3 Ba6 61. Kb3 Rc4 62. Kb2 Kb4 63. Kb1 Kb3 64. Ka1 Rc1# 0-1

[Event "Gorges - Open B"]
[Site "?"]
[Date "2017.07.08"]
[Round "2"]
[White "EUGENE, Nathael"]
[Black "LECLERC, Samuel"]
[Result "0-1"]
[WhiteElo "1042"]
[BlackElo "1399"]
[PlyCount "86"]

1. d4 Nf6 2. Bf4 d6 3. e3 Nc6 4. Bd3 g6 5. c4 Bg7 6. Nc3 O-O 7. Nf3 Nd7 8. O-O
e5 9. dxe5 dxe5 10. Bg3 f5 11. Bc2 h6 12. h3 Qe8 13. Bb3 Nc5 14. Qd5+ Ne6 15.
Nb5 Rf7 16. c5 Na5 17. Nc3 c6 18. Qd6 Nxb3 19. axb3 Rd7 20. Qxd7 Bxd7 21. Nxe5
Bxe5 22. Bxe5 Nxc5 23. Bg3 Nxb3 24. Rad1 Nc5 25. Rfe1 a5 26. e4 fxe4 27. Bd6 b6
28. Bxc5 bxc5 29. Nxe4 Qf7 30. Rd6 Bf5 31. Rxc6 Bxe4 32. Rxe4 Re8 33. Rg4 Re6
34. Rxc5 Re2 35. f3 Rxb2 36. Rgc4 Qa7 37. Kf1 Rb1+ 38. Ke2 Rb2+ 39. Kd3 Qd7+
40. Ke4 Re2+ 41. Kf4 Qd6+ 42. Kg4 Rxg2+ 43. Kh4 Qg3# 0-1

[Event "Gorges - Open B"]
[Site "?"]
[Date "2017.07.08"]
[Round "2"]
[White "JOUSSET, Jean-Michel"]
[Black "PAQUEREAU, Quentin"]
[Result "1-0"]
[WhiteElo "1333"]
[BlackElo "1040"]
[PlyCount "51"]

1. d4 d5 2. Nf3 Nc6 3. Bf4 e6 4. e3 f6 5. Nbd2 Bd6 6. Bxd6 Qxd6 7. Be2 Nge7 8.
O-O O-O 9. c4 e5 10. cxd5 Nxd5 11. dxe5 fxe5 12. Ne4 Qe7 13. Bc4 Be6 14. Qb3
Rad8 15. Nfg5 Na5 16. Qc2 Nxc4 17. Nxe6 Qxe6 18. Qxc4 Rde8 19. Nc5 b6 20. Nxe6
Rxe6 21. Qxd5 Rfe8 22. Rac1 R8e7 23. Rc6 Kf7 24. Rfc1 e4 25. Rxe6 Rxe6 26. Rc6
1-0

[Event "Gorges - Open B"]
[Site "?"]
[Date "2017.07.08"]
[Round "2"]
[White "RAYNOND, Mathis"]
[Black "BRANCARD, Yannick"]
[Result "0-1"]
[WhiteElo "1019"]
[BlackElo "1330"]
[PlyCount "80"]

1. e4 c5 2. Nf3 Nc6 3. Bb5 a6 4. Bxc6 bxc6 5. O-O d6 6. h3 e5 7. Nc3 Nf6 8. d3
Be6 9. Ng5 Qc8 10. Nxe6 Qxe6 11. f4 exf4 12. Bxf4 Be7 13. Qf3 O-O 14. Qg3 Nh5
15. Qe3 Nxf4 16. Rxf4 Bg5 17. Ne2 Bxf4 18. Nxf4 Qe5 19. Rb1 Qd4 20. Qf2 Qxf2+
21. Kxf2 f5 22. Ke3 Rae8 23. c4 g5 24. Nh5 d5 25. cxd5 cxd5 26. Kd2 fxe4 27.
Re1 Rf2+ 28. Kc3 d4+ 29. Kb3 Rb8+ 30. Kc4 Rc2+ 31. Kd5 e3 32. Nf6+ Kh8 33. Nd7
Rd8 34. Ke6 Rc8 35. Nb6 Rf8 36. Nd7 Rff2 37. Ne5 e2 38. Nf7+ Kg7 39. Nxg5 Rf1
40. Rxe2 Rxe2+ 0-1

[Event "Gorges - Open B"]
[Site "?"]
[Date "2017.07.08"]
[Round "3"]
[White "RINEAU, Nathan"]
[Black "PILLE, Edouard"]
[Result "1/2-1/2"]
[WhiteElo "1607"]
[BlackElo "1791"]
[PlyCount "116"]
[EventDate "2017.??.??"]

1. c4 c6 2. g3 d5 3. cxd5 cxd5 4. d4 Nf6 5. Nf3 Bf5 6. Bg2 e6 7. Nc3 Be7 8. O-O
O-O 9. Qb3 Qb6 10. Qxb6 axb6 11. Bd2 Nc6 12. a3 Na5 13. Nh4 Bc2 14. Rac1 Bb3
15. Nb1 Bc4 16. Bxa5 bxa5 17. Rfe1 Rfc8 18. e3 Bd3 19. Rc3 Rxc3 20. Nxc3 Rc8
21. Rc1 b5 22. Bf1 Bxf1 23. Kxf1 b4 24. axb4 axb4 25. Ne2 Rxc1+ 26. Nxc1 Ne4
27. Nf3 f6 28. Nd3 Kf7 29. Nfe1 b3 30. Nc1 Nd2+ 31. Ke2 Bb4 32. Ned3 Ba5 33.
Nc5 Nc4 34. N5xb3 Bb6 35. Nd3 e5 36. dxe5 fxe5 37. Nd2 Nxd2 38. Kxd2 Kf6 39. b4
Kf5 40. h3 Ke4 41. Ke2 d4 42. f3+ Kd5 43. e4+ Kc4 44. Nxe5+ Kxb4 45. Kd3 Kb5
46. f4 Ba7 47. Nf3 Kc6 48. Nxd4+ Kd7 49. Kc4 Ke8 50. Kd5 g6 51. g4 Bb8 52. f5
Kf7 53. e5 h5 54. e6+ Kf6 55. e7 Kxe7 56. Nc6+ Kf6 57. Nxb8 hxg4 58. Nd7+ Kxf5
1/2-1/2

[Event "Gorges - Open B"]
[Site "?"]
[Date "2017.07.08"]
[Round "3"]
[White "LE PEN, Michel"]
[Black "DELAFENETRE, Franck"]
[Result "1/2-1/2"]
[WhiteElo "1734"]
[BlackElo "1527"]
[PlyCount "47"]

1. e4 c5 2. Nf3 d6 3. g3 Nc6 4. c3 g6 5. Bg2 Bg7 6. O-O Nf6 7. d3 O-O 8. Ng5
Bd7 9. f4 Rb8 10. Na3 b5 11. Nc2 b4 12. Bd2 b3 13. Ne3 h6 14. Nf3 bxa2 15. e5
Ng4 16. d4 Nxe3 17. Bxe3 cxd4 18. Nxd4 Nxd4 19. Bxd4 dxe5 20. fxe5 Rxb2 21. Bd5
Be6 22. c4 Rb1 23. Qf3 Bxd5 24. cxd5 1/2-1/2

[Event "Gorges - Open B"]
[Site "?"]
[Date "2017.07.08"]
[Round "3"]
[White "JANNEL, Jérome"]
[Black "DE MAUTOR, Antoine"]
[Result "0-1"]
[WhiteElo "1454"]
[BlackElo "1679"]
[PlyCount "94"]

1. d4 e6 2. Nf3 d5 3. Nbd2 Nf6 4. c4 Bb4 5. a3 Bxd2+ 6. Nxd2 dxc4 7. Nxc4 Nc6
8. e3 O-O 9. Be2 b5 10. Ne5 Nxe5 11. dxe5 Qxd1+ 12. Bxd1 Nd7 13. f4 Bb7 14. O-O
Rfd8 15. Bg4 Nc5 16. b4 Nb3 17. Ra2 Nxc1 18. Rxc1 Bd5 19. Rac2 c6 20. Rc5 a5
21. Bf3 axb4 22. axb4 Bxf3 23. gxf3 Ra4 24. Rxc6 Rxb4 25. Rc8 Rf8 26. h4 g6 27.
Kg2 Rb2+ 28. Kg3 Rxc8 29. Rxc8+ Kg7 30. Rb8 b4 31. Rb7 b3 32. e4 Rb1 33. f5 b2
34. f6+ Kh6 35. Kg2 Kh5 36. Rxf7 Rg1+ 37. Kf2 Kxh4 38. Rxh7+ Kg5 39. Rb7 b1=Q
40. Rxb1 Rxb1 41. Ke2 Kf4 42. f7 Rb8 43. Kd3 Kxf3 44. Kd4 Rd8+ 45. Kc5 Kxe4 46.
Kc6 Kxe5 47. Kc7 Rf8 0-1

[Event "Gorges - Open B"]
[Site "?"]
[Date "2017.07.08"]
[Round "3"]
[White "FLANDRIN, Denis"]
[Black "VERHILLE, Gabin"]
[Result "1-0"]
[WhiteElo "1712"]
[BlackElo "1306"]
[PlyCount "79"]

1. b3 c5 2. Bb2 d5 3. e3 Nc6 4. f4 e6 5. Nf3 Be7 6. Bxg7 Bf6 7. Bxf6 Nxf6 8.
Bb5 Ne4 9. Nc3 Rg8 10. O-O h5 11. Ne5 Bd7 12. Qxh5 Qf6 13. Nxe4 dxe4 14. Nxd7
Kxd7 15. Qxc5 Qh4 16. Bxc6+ bxc6 17. Qd4+ Ke7 18. Qxe4 Rh8 19. h3 Rag8 20. Qxc6
Qxh3 21. Kf2 Qh4+ 22. Ke2 Qg4+ 23. Qf3 Qxg2+ 24. Qxg2 Rxg2+ 25. Rf2 Rgg8 26. c4
Rd8 27. d4 f5 28. Rg2 Kf6 29. Rag1 Rd7 30. Rg6+ Ke7 31. Rg7+ Ke8 32. Rxd7 Kxd7
33. Rg7+ Kd6 34. Rxa7 Rh2+ 35. Kd3 Rb2 36. Ra6+ Kd7 37. d5 exd5 38. cxd5 Rb1
39. Kd4 Rd1+ 40. Ke5 1-0

[Event "Gorges - Open B"]
[Site "?"]
[Date "2017.07.08"]
[Round "3"]
[White "MOES, Jamy"]
[Black "CHAMPAGNE, Pascal"]
[Result "1-0"]
[WhiteElo "1509"]
[BlackElo "1499"]
[PlyCount "98"]

1. d4 g6 2. Nf3 d6 3. g3 Bg7 4. Bg2 c5 5. O-O cxd4 6. Nxd4 e5 7. Nb5 Bf8 8. c4
a6 9. Qa4 Nc6 10. N5c3 Bd7 11. Qb3 Rb8 12. Nd2 Nf6 13. Nde4 Nxe4 14. Nxe4 Be7
15. Rd1 Nd4 16. Qd3 Bf5 17. e3 Bxe4 18. Bxe4 Nc6 19. Bd2 O-O 20. Bd5 Qb6 21. b3
Nb4 22. Bxb4 Qxb4 23. a3 Qb6 24. Rd2 Kg7 25. Rb1 f5 26. b4 Bf6 27. e4 f4 28. c5
dxc5 29. bxc5 Qc7 30. Rdb2 Kh6 31. gxf4 exf4 32. Rxb7 Rxb7 33. Rxb7 Qxc5 34.
Qh3+ Kg5 35. Rxh7 Qc1+ 36. Kg2 f3+ 37. Qxf3 Qf4 38. h4+ Qxh4 39. Rxh4 Kxh4 40.
e5 Be7 41. Qh3+ Kg5 42. Kg3 Rf4 43. Qe6 Bxa3 44. f3 Bc5 45. Be4 Rxe4 46. fxe4
Be3 47. Qf6+ Kh6 48. Kg4 Kh7 49. e6 Bc5 1-0

[Event "Gorges - Open B"]
[Site "?"]
[Date "2017.07.08"]
[Round "3"]
[White "TACHEAU, Joel"]
[Black "BONFILS, Nicolas"]
[Result "1-0"]
[WhiteElo "1687"]
[BlackElo "1433"]
[PlyCount "169"]

1. c4 e5 2. Nc3 Nf6 3. g3 c6 4. d4 exd4 5. Qxd4 Be7 6. Bg2 Na6 7. e4 c5 8. Qd1
d6 9. Nge2 Nc7 10. O-O Rb8 11. h3 Ne6 12. Be3 O-O 13. Nf4 a6 14. Nfd5 Nc7 15.
Nxe7+ Qxe7 16. Qd3 Be6 17. b3 Rfd8 18. f4 Nfe8 19. f5 Bd7 20. f6 Nxf6 21. Bg5
Qe5 22. Bxf6 gxf6 23. Rad1 Bc6 24. Rf4 Ne8 25. Qf3 Kh8 26. Rf5 Qe7 27. Nd5 Bxd5
28. cxd5 Ng7 29. Rxf6 Rg8 30. Rxf7 Qe5 31. g4 h5 32. Qf6 Qxf6 33. Rxf6 Kh7 34.
Rxd6 hxg4 35. hxg4 Rge8 36. Rd7 Kg8 37. Rf1 Rf8 38. Rxf8+ Kxf8 39. Bf3 Ne8 40.
g5 b5 41. Kg2 c4 42. Kf2 c3 43. Ke2 Rc8 44. Kd1 a5 45. Kc2 b4 46. Ra7 Rc5 47.
Bg4 Nc7 48. d6 Nb5 49. Ra8+ Kf7 50. d7 Nd4+ 51. Kd3 Nc6 52. Kc2 Ke7 53. Re8+
Kf7 54. d8=Q Nxd8 55. Rxd8 Rxg5 56. Be2 Re5 57. Rd5 Rxe4 58. Bd3 Rh4 59. Rxa5
Rh2+ 60. Kd1 Rd2+ 61. Kc1 Rxd3 62. a3 Rd4 63. axb4 Rxb4 64. Kc2 Rb7 65. Kxc3
Ke6 66. Kc4 Kd6 67. Rd5+ Kc6 68. Rc5+ Kd6 69. b4 Rh7 70. Kb5 Rb7+ 71. Ka5 Rb8
72. Rc1 Ra8+ 73. Kb5 Rb8+ 74. Ka4 Ra8+ 75. Kb3 Kd5 76. b5 Kd6 77. Kb4 Ra2 78.
b6 Kd5 79. Kb5 Rb2+ 80. Ka6 Ra2+ 81. Kb7 Kd6 82. Rd1+ Kc5 83. Kc7 Rc2 84. b7
Kb5+ 85. Kd8 1-0

[Event "Gorges - Open B"]
[Site "?"]
[Date "2017.07.08"]
[Round "3"]
[White "FRETEL, Didier"]
[Black "KNEIB, Bernard"]
[Result "1-0"]
[WhiteElo "1645"]
[BlackElo "1422"]
[PlyCount "59"]

1. d4 f5 2. c4 e6 3. Nc3 Nf6 4. Qc2 Be7 5. e4 Nxe4 6. Nxe4 fxe4 7. Qxe4 O-O 8.
Bd3 g6 9. Nf3 d6 10. Bd2 Qe8 11. h4 Qf7 12. O-O-O Nd7 13. Ng5 Nf6 14. Nxf7 Nxe4
15. Nh6+ Kg7 16. Bxe4 Rxf2 17. Be3 Re2 18. Ng4 e5 19. Bh6+ Kh8 20. Bf3 Bxg4 21.
Bxg4 Rxg2 22. Be6 Re2 23. d5 Re4 24. Rdf1 Rxc4+ 25. Kb1 Rxh4 26. Rxh4 Bxh4 27.
Rf7 Rg8 28. Bg7+ Rxg7 29. Rf8+ Rg8 30. Rxg8# 1-0

[Event "Gorges - Open B"]
[Site "?"]
[Date "2017.07.08"]
[Round "3"]
[White "LE BAUT, Daniel"]
[Black "LECLERC, Samuel"]
[Result "0-1"]
[WhiteElo "1574"]
[BlackElo "1399"]
[PlyCount "76"]

1. e4 e5 2. Nf3 Nc6 3. Bb5 a6 4. Ba4 Nf6 5. O-O b5 6. Bb3 Bc5 7. c3 d6 8. h3 h6
9. d4 Bb6 10. Be3 O-O 11. Nbd2 Re8 12. Bc2 exd4 13. cxd4 Ne7 14. Re1 c5 15. d5
Ng6 16. Rc1 Ba5 17. Re2 Nh5 18. e5 Nhf4 19. Bxf4 Nxf4 20. Re4 Nxd5 21. Nb3 Be6
22. exd6 Bb6 23. d7 Qxd7 24. Bb1 Rad8 25. Nxc5 Qa7 26. Nxe6 Bxf2+ 27. Kh1 fxe6
28. Ne5 Nf6 29. Rf4 Rxd1+ 30. Rxd1 Bg3 31. Nc6 Qc5 32. Rxf6 gxf6 33. Be4 e5 34.
Na5 f5 35. Bf3 Rc8 36. Nb3 Qc2 37. Nd2 e4 38. Bh5 Qxb2 0-1

[Event "Gorges - Open B"]
[Site "?"]
[Date "2017.07.08"]
[Round "3"]
[White "KOLENDOWICZ, Udo"]
[Black "CZMIL-MICHARD, Paul"]
[Result "0-1"]
[WhiteElo "1235"]
[BlackElo "1550"]
[PlyCount "80"]

1. e4 c5 2. Nf3 d6 3. d4 cxd4 4. Nxd4 Nf6 5. Nc3 g6 6. Bg5 Bg7 7. Bb5+ Bd7 8.
a4 Nc6 9. Qd2 Nxe4 10. Nxe4 Nxd4 11. Bxd7+ Qxd7 12. Be3 Nc6 13. c3 O-O 14. Bh6
Qf5 15. f3 Qe5 16. Bxg7 Kxg7 17. O-O Qa5 18. b4 Qb6+ 19. Kh1 Rac8 20. Rfb1 Ne5
21. a5 Qb5 22. f4 Nc6 23. Qb2 Kg8 24. Nd2 Qe2 25. Re1 Qg4 26. b5 Nd8 27. Rxe7
Qxf4 28. Rae1 Qf6 29. R7e3 Ne6 30. Ne4 Qd8 31. Qb4 Nc5 32. Rd1 Nxe4 33. Rxe4 d5
34. Red4 Re8 35. c4 Qe7 36. Qxe7 Rxe7 37. cxd5 Rc5 38. d6 Rd7 39. Rb4 Rxd6 40.
Rbd4 Rxd4 0-1

[Event "Gorges - Open B"]
[Site "?"]
[Date "2017.07.08"]
[Round "3"]
[White "KERVADEC, Jean"]
[Black "JOUSSET, Jeran-Michel"]
[Result "1-0"]
[WhiteElo "1521"]
[BlackElo "1333"]
[PlyCount "61"]

1. Nf3 d6 2. d4 Nf6 3. c4 g6 4. Nc3 Bg7 5. g3 O-O 6. Bg2 c6 7. O-O Na6 8. e4
Ng4 9. h3 Nf6 10. Re1 Nc7 11. Bf4 Ne6 12. Be3 Rb8 13. e5 Nd7 14. d5 Nec5 15. b4
Na6 16. Bd4 c5 17. bxc5 Naxc5 18. e6 fxe6 19. Bxg7 Kxg7 20. dxe6 Nb6 21. Qd4+
Kg8 22. Ng5 Rf6 23. Nd5 Nxe6 24. Nxf6+ exf6 25. Nxe6 Bxe6 26. Rxe6 Nc8 27. Rae1
Kf7 28. Bd5 Kg7 29. Re8 Qd7 30. Rg8+ Kh6 31. Qh4# 1-0

[Event "Gorges - Open B"]
[Site "?"]
[Date "2017.07.08"]
[Round "3"]
[White "BRANCARD, Yannick"]
[Black "BOURDEAUX, Angele"]
[Result "0-1"]
[WhiteElo "1330"]
[BlackElo "1516"]
[PlyCount "94"]

1. d4 Nf6 2. c4 g6 3. Nc3 Bg7 4. Nf3 d6 5. e4 O-O 6. Be2 Nbd7 7. O-O e5 8. d5
Nc5 9. Bd3 a5 10. Be3 Nxd3 11. Qxd3 Ne8 12. h3 f5 13. Nd2 f4 14. Rae1 fxe3 15.
Qxe3 g5 16. Ne2 g4 17. Kh2 gxh3 18. gxh3 Qh4 19. Qg3 Qxg3+ 20. Nxg3 Bh6 21. Re2
Bf4 22. Rg1 Rf6 23. f3 Rh6 24. Kh1 Rxh3+ 25. Rh2 Rxg3 26. Rxg3+ Bxg3 27. Rg2
Nf6 28. Rxg3+ Kf7 29. Nf1 Bd7 30. Nh2 Rg8 31. Rxg8 Kxg8 32. Kg2 Nh5 33. Kf2 Nf4
34. Ke3 h5 35. Nf1 h4 36. Kd2 Kg7 37. b3 Kg6 38. Ke1 Bh3 39. Nh2 Kh5 40. Kf2
Nd3+ 41. Ke3 Nc1 42. f4 Nxa2 43. fxe5 dxe5 44. c5 Nc1 45. d6 cxd6 46. cxd6 Nxb3
47. d7 Bxd7 0-1

[Event "Gorges - Open B"]
[Site "?"]
[Date "2017.07.08"]
[Round "3"]
[White "MORILLON, Emmanuel"]
[Black "GRIMAULT, Léane"]
[Result "1-0"]
[WhiteElo "1499"]
[BlackElo "1317"]
[PlyCount "165"]

1. d4 Nf6 2. c4 c5 3. e3 g6 4. b3 Bg7 5. Bb2 O-O 6. Nf3 cxd4 7. Nxd4 a6 8. g3
e5 9. Nf3 d6 10. Bg2 Bg4 11. Qc2 Nc6 12. O-O Nb4 13. Qc3 a5 14. a3 Ne4 15. Qe1
Nd3 16. Qe2 Nxb2 17. Qxb2 Nc5 18. Qc2 e4 19. Nd4 Re8 20. Nc3 Rb8 21. h3 Bd7 22.
Nxe4 Nxe4 23. Bxe4 Bxh3 24. Bg2 Bxg2 25. Kxg2 Qb6 26. Rad1 Rbc8 27. Nb5 Red8
28. Rd5 Rc5 29. Qe4 Rxd5 30. Qxd5 Qa6 31. Rd1 Bf8 32. e4 Qc6 33. f4 Qxd5 34.
Rxd5 Kg7 35. Kf3 f6 36. Nd4 Kf7 37. Rxa5 Rd7 38. Rd5 Be7 39. b4 Ke8 40. g4 Rc7
41. c5 dxc5 42. bxc5 Rxc5 43. Rxc5 Bxc5 44. Nc2 b5 45. Ke2 h5 46. gxh5 gxh5 47.
Kf3 Kf7 48. Kg3 Kg6 49. Kf3 Bd6 50. Nd4 Bxa3 51. Nxb5 Bc1 52. Nc3 h4 53. Ne2
Bd2 54. Kg4 Be1 55. Ng1 Bf2 56. f5+ Kf7 57. Nf3 Bg3 58. Nxh4 Be5 59. Kh5 Bd4
60. Kh6 Be3+ 61. Kh7 Bd4 62. Nf3 Bb2 63. Kh6 Bc1+ 64. Kh5 Bb2 65. Kg4 Bc3 66.
Kg3 Bb2 67. Kf2 Bc3 68. Ke2 Ba1 69. Kd3 Bb2 70. Kc4 Ke7 71. Kd5 Ba1 72. Kc6 Bb2
73. Nh4 Kf7 74. Kd7 Bc3 75. Nf3 Bb2 76. Nd2 Bd4 77. Nc4 Bc3 78. Nd6+ Kg7 79.
Ke6 Be5 80. Ne8+ Kf8 81. Nxf6 Bxf6 82. Kxf6 Ke8 83. Kg7 1-0

[Event "Gorges - Open B"]
[Site "?"]
[Date "2017.07.08"]
[Round "3"]
[White "LEBEDEL, Marc"]
[Black "ENGLISCH, Caroline"]
[Result "1-0"]
[WhiteElo "1447"]
[BlackElo "1211"]
[PlyCount "115"]

1. d4 Nf6 2. c4 g6 3. g3 Bg7 4. Bg2 O-O 5. Nf3 d6 6. O-O a6 7. Nc3 b6 8. Qc2
Bb7 9. e4 Nfd7 10. Bg5 Ra7 11. Rad1 Nc6 12. Nd5 f6 13. Be3 e5 14. dxe5 Ncxe5
15. Nd4 Qe8 16. Nxc7 Qc8 17. Nde6 Rf7 18. Nxg7 Qxc7 19. Ne6 Qxc4 20. Qxc4 Nxc4
21. Bd4 g5 22. Nd8 Re7 23. Nxb7 Rxb7 24. e5 Rb8 25. Bd5+ Kg7 26. Bxc4 dxe5 27.
Bc3 Rc8 28. Bxa6 Ra8 29. Bb5 Nc5 30. a3 Ne4 31. Bb4 Rc7 32. Rd7+ Rxd7 33. Bxd7
Rd8 34. Bc6 Nc5 35. Bxc5 bxc5 36. Rc1 Rd2 37. Rxc5 Rxb2 38. a4 h5 39. Rb5 Ra2
40. Rb7+ Kh6 41. Rb6 h4 42. gxh4 gxh4 43. h3 Ra3 44. Kg2 Kg5 45. Rb8 Kf4 46.
Rb4+ Kf5 47. Rxh4 Kg5 48. Rg4+ Kh5 49. Be8+ Kh6 50. Rg6+ Kh7 51. Rxf6 Kg7 52.
Re6 Rd3 53. Rxe5 Rd6 54. Re2 Rd5 55. Ra2 Ra5 56. Kf3 Kf6 57. Bb5 Ke5 58. h4 1-0

[Event "Gorges - Open B"]
[Site "?"]
[Date "2017.07.08"]
[Round "3"]
[White "LAUDEN, Pierre"]
[Black "ENGLISCH, Susanne"]
[Result "0-1"]
[WhiteElo "1291"]
[BlackElo "1167"]
[PlyCount "132"]

1. e4 d6 2. Nf3 Nf6 3. Nc3 g6 4. Bc4 Bg7 5. d4 O-O 6. O-O c5 7. a4 Nxe4 8. Nxe4
d5 9. Neg5 dxc4 10. dxc5 Nd7 11. h4 h5 12. Qd5 Ne5 13. Qxd8 Rxd8 14. Nxe5 Bxe5
15. Rb1 Bf5 16. Re1 Bxc2 17. Ra1 Rd5 18. Be3 Rad8 19. f4 Bxb2 20. Ra2 Bc3 21.
Rf1 Bd3 22. Rc1 Bd4 23. Bxd4 Rxd4 24. g3 Rc8 25. Rb2 Rd7 26. Rb5 b6 27. cxb6
axb6 28. Rxb6 Ra7 29. Rb4 Rac7 30. a5 c3 31. Rd4 Ba6 32. Kf2 Rc5 33. Rd7 R5c7
34. Rxc7 Rxc7 35. Ne4 c2 36. Ke3 Rc4 37. Nd2 Rc3+ 38. Kd4 Rd3+ 39. Kc5 Rxd2 40.
Kb6 Bd3 41. a6 Bxa6 42. Kxa6 f6 43. Kb5 e5 44. fxe5 fxe5 45. Kc4 e4 46. Kc3 Rd8
47. Kxc2 Rc8+ 48. Kd1 Rxc1+ 49. Kxc1 Kf7 50. Kd2 Kf6 51. Ke3 Kf5 52. Kf2 Kg4
53. Ke3 Kxg3 54. Kxe4 Kxh4 55. Kf3 g5 56. Kg2 Kg4 57. Kg1 Kg3 58. Kh1 Kh3 59.
Kg1 Kg3 60. Kh1 h4 61. Kg1 Kf3 62. Kh1 g4 63. Kg1 g3 64. Kh1 h3 65. Kg1 g2 66.
Kh2 Kf2 0-1

[Event "Gorges - Open B"]
[Site "?"]
[Date "2017.07.08"]
[Round "3"]
[White "ALACHTAR, Socrate"]
[Black "AUPERIN, Hélène"]
[Result "1/2-1/2"]
[WhiteElo "1528"]
[BlackElo "1246"]
[PlyCount "41"]

1. d4 Nf6 2. c4 g6 3. Nf3 Bg7 4. Nc3 d6 5. e4 O-O 6. Bd3 Bg4 7. Qb3 Bxf3 8.
gxf3 b6 9. Be3 Nc6 10. Qc2 e5 11. d5 Nb4 12. Qd2 Nxd3+ 13. Qxd3 Nd7 14. h4 f5
15. Bg5 fxe4 16. fxe4 Nc5 17. Qe3 Qd7 18. O-O-O h6 19. Bxh6 Bxh6 20. Qxh6 Rxf2
21. Rhg1 1/2-1/2

[Event "Gorges - Open B"]
[Site "?"]
[Date "2017.07.08"]
[Round "3"]
[White "MARTINI, Lionel"]
[Black "EUGENE, Nathael"]
[Result "0-1"]
[WhiteElo "1420"]
[BlackElo "1042"]
[PlyCount "54"]

1. c4 Nf6 2. g3 g6 3. Bg2 Bg7 4. Nf3 O-O 5. O-O Nc6 6. d4 d5 7. cxd5 Nxd5 8.
Nc3 Bf5 9. Nh4 Nxc3 10. bxc3 Qd7 11. Nxf5 Qxf5 12. Ba3 Rab8 13. Bxc6 bxc6 14.
Bxe7 Rfe8 15. Bb4 a5 16. Bc5 Rb2 17. e3 Qh3 18. Ba3 Rb5 19. Qf3 Qe6 20. Qe2 h5
21. Bc5 h4 22. gxh4 Qh3 23. Ba3 Re4 24. Bc1 Rg4+ 25. Qxg4 Qxg4+ 26. Kh1 Qxh4
27. f4 Rh5 0-1

[Event "Gorges - Open B"]
[Site "?"]
[Date "2017.07.08"]
[Round "3"]
[White "PAQUEREAU, Quentin"]
[Black "TEXIER, Lionel"]
[Result "0-1"]
[WhiteElo "1040"]
[BlackElo "1412"]
[PlyCount "78"]

1. e4 e5 2. Nf3 Qf6 3. Be2 d6 4. O-O h6 5. d3 Be7 6. Be3 Qg6 7. h3 Bxh3 8. g3
Bxf1 9. Bxf1 Bg5 10. Qe2 Bxe3 11. Qxe3 Nc6 12. Nc3 a6 13. d4 exd4 14. Nxd4 Nxd4
15. Qxd4 c5 16. Qd3 Ne7 17. Nd5 Nxd5 18. Qxd5 Rb8 19. e5 Rd8 20. Bd3 Qe6 21.
Bc4 Qxd5 22. Bxd5 dxe5 23. Bxb7 Rb8 24. Be4 O-O 25. b3 a5 26. a3 Rbd8 27. c3 f5
28. Bd5+ Rxd5 29. c4 Rd3 30. Rb1 Rb8 31. b4 axb4 32. axb4 Rxb4 33. Rc1 Rd4 34.
Kg2 Rbxc4 35. Re1 e4 36. f3 Rc2+ 37. Kf1 exf3 38. g4 fxg4 39. Kg1 g3 0-1

[Event "Gorges - Open B"]
[Site "?"]
[Date "2017.07.08"]
[Round "3"]
[White "DELALANDE, François"]
[Black "RAYNOND, Mathis"]
[Result "0-1"]
[WhiteElo "1308"]
[BlackElo "1019"]
[PlyCount "80"]

1. d4 d5 2. Nf3 Nc6 3. e3 Nf6 4. a3 Bg4 5. Be2 e6 6. h3 Bh5 7. O-O Bd6 8. b4
Qd7 9. Bb2 O-O-O 10. Nbd2 Bxf3 11. Bxf3 e5 12. c3 e4 13. Be2 Rhe8 14. Qa4 Ng8
15. b5 Nb8 16. Bg4 f5 17. Bxf5 Qxf5 18. Qxa7 Qh5 19. a4 Nf6 20. a5 Ng4 21. Rfe1
Nf6 22. Nb3 Nfd7 23. Ba3 Bxa3 24. Rxa3 Qg6 25. Nc5 Nxc5 26. dxc5 Rd7 27. c6
bxc6 28. bxc6 Qxc6 29. Rb3 Na6 30. Reb1 Kd8 31. Qd4 Qf6 32. Qa7 Ke7 33. Rc1 c5
34. Rb7 Rxb7 35. Qxb7+ Kf8 36. Qxd5 Qe6 37. Qb7 Rb8 38. Qa7 Ke8 39. Kh2 Qc6 40.
Qxg7 Qc7+ 0-1